| Tag |
First Indicator |
Second Indicator |
Subfields |
| LEADER |
00000cam a2200000 4500 |
| 001 |
in00003842313 |
| 005 |
20190415182849.0 |
| 006 |
m o d |
| 007 |
cr |n||||||||n |
| 008 |
850806s1733 enk|||| o 00||||eng c |
| 035 |
|
|
|a (CU-RivES)N19318
|
| 035 |
|
|
|a (Uk-ES)006010217
|
| 035 |
|
|
|a (OCoLC)508021078
|
| 040 |
|
|
|a CU-RivES
|c CU-RivES
|d CU-RivES
|d Uk-ES
|d CStRLIN
|d CU-RivES
|d Cengage Gale
|d UtOrBLW
|
| 050 |
|
4 |
|a AC4
|b .B876 1733
|
| 100 |
1 |
|
|a Burnaby, William,
|d 1672 or 1673-1706.
|0 http://id.loc.gov/authorities/names/n83206701
|
| 245 |
1 |
4 |
|a The ladies visiting-day :
|b A comedy. As it was acted at the Theatre in Lincolns-Inn-Fields, By Her Majesty's servants.
|
| 250 |
|
|
|a The third edition.
|
| 264 |
|
1 |
|a London :
|b Printed for G. Strahan, and B. Lintot,
|c MDCCXXXIII. [1733]
|
| 300 |
|
|
|a 1 online resource (80 pages) :
|b illustrations ;
|
| 336 |
|
|
|a text
|b txt
|2 rdacontent
|
| 337 |
|
|
|a computer
|b c
|2 rdamedia
|
| 338 |
|
|
|a online resource
|b cr
|2 rdacarrier
|
| 500 |
|
|
|a Anonymous. By William Burnaby, although sometimes attributed to Charles Burnaby.
|
| 509 |
|
|
|a DNB attributes this work to either Charles or William Burnaby (III, 379). E report 1 final leaf being an Epilogue and 1 final advertisement leaf
|
| 510 |
4 |
|
|a English Short Title Catalog,
|c N19318.
|
| 500 |
|
|
|a Reproduction of original from National Library of Scotland.
|
| 500 |
|
|
|a Electronic resource.
|
| 650 |
|
0 |
|a English drama.
|0 http://id.loc.gov/authorities/subjects/sh85043338
|
| 655 |
|
7 |
|a Electronic books.
|2 local
|
| 710 |
2 |
|
|a Gale (Firm)
|0 http://id.loc.gov/authorities/names/no2008071348
|
| 752 |
|
|
|a Great Britain
|b England
|d London.
|
| 856 |
4 |
0 |
|u http://proxy.library.tamu.edu/login?url=http://find.galegroup.com/ecco/infomark.do?contentSet=ECCOArticles&docType=ECCOArticles&bookId=1636800900&type=getFullCitation&tabID=T001&prodId=ECCO&docLevel=TEXT_GRAPHICS&version=1.0&source=library&userGroupName=txshracd2898
|z Connect to the full text of this electronic book
|t 0
|
| 999 |
f |
f |
|s 4a31aa52-54b5-315a-95b3-6d207df2679f
|i 31088329-0aa0-3f5e-8a28-65a229e75d51
|t 0
|
| 952 |
f |
f |
|a Texas A&M University
|b College Station
|c Electronic Resources
|d Available Online
|t 0
|e AC4 .B876 1733
|h Library of Congress classification
|
| 998 |
f |
f |
|a AC4 .B876 1733
|t 0
|l Available Online
|